| 000 | 01065cam a2200253 i 4500 | ||
|---|---|---|---|
| 005 | 20160124112005.0 | ||
| 008 | 021104s2001 ck a r 00010 spa d | ||
| 015 | _ack-2001-xxxx | ||
| 020 | _a9583327719 | ||
| 040 |
_ala _cla _dCO-BoIAVH |
||
| 041 | 0 | _aspa | |
| 043 | _as-ck--- | ||
| 082 | 0 | 4 |
_a338.986196 _bC17p |
| 110 | 1 |
_aCasanare (Colombia). _bGobernación. _bDepartamento Administrativo de Planeación. |
|
| 245 | 1 | 0 |
_aPlan de desarrollo : _bCasanare con alma de pueblo, 2001-2003 / _cGobernación de Casanare. Departamento Administrativo de Planeación. |
| 260 |
_aCasanare : _bK & M Comunicaciones, _c2001. |
||
| 300 |
_a128 páginas : _bilustraciones y diagramas ; _c23 cm. |
||
| 650 | 1 | 4 |
_aPlanes de desarrollo _z Casanare (Colombia) _y 2001-2003. |
| 650 | 2 | 4 |
_aPlanificación regional _z Casanare (Colombia) _y 2001-2003. |
| 650 | 2 | 4 |
_aDesarrollo sostenible _z Casanare (Colombia) _y 2001-2003. |
| 650 | 2 | 4 |
_aProgramas de desarrollo _z Casanare (Colombia) _y 2001-2003. |
| 942 |
_2ddc _cLIBRO |
||
| 949 |
_ac _bc |
||
| 999 |
_c5772 _d5772 |
||